Plan estratégico de transformación escolar / (Record no. 208449)

MARC details
000 -CABECERA
campo de control de longitud fija 00870nam a22002297a 4500
005 - FECHA Y HORA DE LA ÚLTIMA TRANSACCIÓN
campo de control 20250826063927.0
008 - ELEMENTOS DE LONGITUD FIJA--INFORMACIÓN GENERAL
campo de control de longitud fija 220510s2006 mx ||||fr|||| 00| 0 spa d
020 ## - NÚMERO INTERNACIONAL NORMALIZADO PARA LIBROS
Número Internacional Estándar del Libro 9705700214
040 ## - FUENTE DE LA CATALOGACIÓN
Centro catalogador/agencia de origen MX-MxUPN
Lengua de catalogación spa
Centro/agencia transcriptor MX-MxUPN
050 14 - SIGNATURA TOPOGRÁFICA DE LA BIBLIOTECA DEL CONGRESO
Número de clasificación LB2892
Número de documento/Ítem P5.3
245 00 - MENCIÓN DE TÍTULO
Título Plan estratégico de transformación escolar /
Mención de responsabilidad, etc. [coord. Ernesto Castellano Pérez, Cuauhtémoc Guerrero Araiza
260 ## - PUBLICACIÓN, DISTRIBUCIÓN, ETC.
Lugar de publicación, distribución, etc. México, D.F. :
Nombre del editor, distribuidor, etc. SEP,
Fecha de publicación, distribución, etc. 2006.
300 ## - DESCRIPCIÓN FÍSICA
Extensión 143 p.
490 0# - MENCIÓN DE SERIE
Mención de serie Documentos para fortalecer la gestión escolar
650 #4 - ASIENTO SECUNDARIO DE MATERIA - TERMINO TEMATICO
Término de materia o nombre geográfico como elemento de entrada Escuelas
Subdivisión general Dirección y organización
Subdivisión geográfica México
9 (RLIN) 11302
650 #4 - ASIENTO SECUNDARIO DE MATERIA - TERMINO TEMATICO
Término de materia o nombre geográfico como elemento de entrada Educación
Subdivisión general Planificación
Subdivisión geográfica México
9 (RLIN) 13915
700 1# - ASIENTO SECUNDARIO--NOMBRE DE PERSONAL
9 (RLIN) 44394
Nombre de persona Castellano Pérez, Ernesto
Término indicativo de función/relación coord.
700 1# - ASIENTO SECUNDARIO--NOMBRE DE PERSONAL
9 (RLIN) 44395
Nombre de persona Guerrero Araiza, Cuauhtémoc
Término indicativo de función/relación coord.
710 1# - ASIENTO SECUNDARIO - NOMBRE CORPORATIVO
Nombre de entidad corporativa o nombre de jurisdicción como elemento de entrada México.
Unidad subordinada Secretaría de Educación Pública
Término indicativo de función/relación ed.
9 (RLIN) 44381
942 ## - ELEMENTOS DE PUNTO DE ACCESO ADICIONAL (KOHA)
Fuente del sistema de clasificación o colocación Library of Congress Classification
Tipo de ítem Koha Libro
Holdings
Estado de retiro Estado de pérdida Fuente del sistema de clasificación o colocación Estado dañado No para préstamo Código de colección Localización permanente Ubicación/localización actual Ubicación en estantería Fecha de adquisición Total de préstamos Clasificación Código de barras Fecha visto por última vez Fecha del último préstamo Tipo de ítem Koha Número de copia Precio válido a partir de
    Library of Congress Classification     Colección General Bib. Gregorio Torres Quintero Bib. Gregorio Torres Quintero Planta baja 10/05/2022 1 LB2892 P5.3 328957 18/02/2025 11/02/2025 Libro    
    Library of Congress Classification     Colección General Bib. Gregorio Torres Quintero Bib. Gregorio Torres Quintero Planta baja 10/05/2022   LB2892 P5.3 328958 10/05/2022   Libro Ej.2 10/05/2022
    Library of Congress Classification     Colección General Bib. Gregorio Torres Quintero Bib. Gregorio Torres Quintero Planta baja 10/05/2022   LB2892 P5.3 328959 10/05/2022   Libro Ej.3 10/05/2022